000 00730nam a2200289Ia 4500
005 20260324143420.0
008 008 260324s9999 xx 000 0 eng d
020 _a9781315288734
037 _aEBOOK
040 _aCRL
040 _beng
040 _cCRL
041 _2eng
041 _aeng
084 _qCRL
100 _aDavid Lowery; Ruth Hoogland DeHoog; William E. Lyons
_91215549
245 4 _aThe Politics of Dissatisfaction
245 0 _bCitizens, Services and Urban Institutions
260 _bTaylor and Francis
260 _c1992
365 _a
365 _b255
856 _uhttp://www.taylorfrancis.com/books/9781315288734
942 _cEBOOK
999 _c1820928
_d1820928